| 000 | 00655nam a22001937a 4500 | ||
|---|---|---|---|
| 999 |
_c195046 _d195046 |
||
| 005 | 20230209145913.0 | ||
| 010 | _aENG-136181 | ||
| 020 |
_a9789381744238 _c110.00 |
||
| 035 | _aEN-119713 | ||
| 037 | _bDBAD/PUB | ||
| 082 | _a881.8 | ||
| 245 |
_aAintinai Aimpatu: _bText, Transilteration and Translations in English verse and prose/ _cEd. by Sethumani Manian and N. Murugaiyan |
||
| 260 |
_aChennai _bCentral Institute of Classical Tamil _c2017 |
||
| 270 |
_aNo 40, 100 Feet Road, Taramani _bChennai _e600113 |
||
| 300 |
_a81p. _c24cm(hbk) |
||
| 700 | _aManian, Sethumani | ||
| 700 | _aMurugaiyan, M. | ||
| 942 |
_2ddc _cEN _h881.8 _mAIN |
||